Introduction to computer science (Record no. 541548)
[ view plain ]
| 000 -LEADER | |
|---|---|
| fixed length control field | 00483cam a2200169 a 4500 |
| 020 ## - INTERNATIONAL STANDARD BOOK NUMBER | |
| International Standard Book Number | 0070039097 : |
| 082 00 - DEWEY DECIMAL CLASSIFICATION NUMBER | |
| Classification number | 004 |
| Author Mark | JAI |
| -- | l-2;P-131 |
| 100 1# - MAIN ENTRY--PERSONAL NAME | |
| Personal name | Jain ,Satish |
| 9 (RLIN) | 36513 |
| 245 10 - TITLE STATEMENT | |
| Title | Introduction to computer science |
| Statement of responsibility, etc. | Satish Jain |
| 250 ## - EDITION STATEMENT | |
| Edition statement | 2 nd |
| 260 ## - PUBLICATION, DISTRIBUTION, ETC. | |
| Place of publication, distribution, etc. | Delhi : |
| Name of publisher, distributor, etc. | PBP publications, |
| Date of publication, distribution, etc. | c1988. |
| 300 ## - PHYSICAL DESCRIPTION | |
| Extent | xii, 291 p. : |
| Other physical details | ill. ; |
| Dimensions | 18 cm. |
| 526 ## - STUDY PROGRAM INFORMATION NOTE | |
| Program name | 0 |
| Interest level | 0 |
| Reading level | 0 |
| Title point value | 004_000000000000000_JAI |
| 650 #0 - SUBJECT ADDED ENTRY--TOPICAL TERM | |
| Topical term or geographic name entry element | Computer architecture. |
| 9 (RLIN) | 3070 |
| 650 #0 - SUBJECT ADDED ENTRY--TOPICAL TERM | |
| Topical term or geographic name entry element | MCE |
| 9 (RLIN) | 379 |
| 942 ## - ADDED ENTRY ELEMENTS (KOHA) | |
| Source of classification or shelving scheme | |
| Koha item type | Book |
| Withdrawn status | Lost status | Source of classification or shelving scheme | Damaged status | Not for loan | Permanent Location | Current Location | Date acquired | Total Checkouts | Full call number | Barcode | Date last seen | Price effective from | Koha item type |
|---|---|---|---|---|---|---|---|---|---|---|---|---|---|
| Military College of Engineering (MCE) | Military College of Engineering (MCE) | 08/13/2013 | 004 JAI | MCE-25007 | 08/13/2013 | 08/13/2013 | Book |
